បញ្ហាព្រៃឈើ ខេត្តកំពង់ចាម (Record no. 2892)
[ view plain ]
| 000 -LEADER | |
|---|---|
| fixed length control field | 00437nam a22001457a 4500 |
| 003 - CONTROL NUMBER IDENTIFIER | |
| control field | OSt |
| 005 - DATE AND TIME OF LATEST TRANSACTION | |
| control field | 20151101091916.0 |
| 008 - FIXED-LENGTH DATA ELEMENTS--GENERAL INFORMATION | |
| fixed length control field | 151101b xxu||||| |||| 00| 0 eng d |
| 040 ## - CATALOGING SOURCE | |
| Transcribing agency | RUA ឆេង 1989 B115 Or.1 |
| 100 ## - MAIN ENTRY--PERSONAL NAME | |
| 9 (RLIN) | 3103 |
| Personal name | ឆេង គឹមស៊ុន |
| 245 ## - TITLE STATEMENT | |
| Title | បញ្ហាព្រៃឈើ ខេត្តកំពង់ចាម |
| 260 ## - PUBLICATION, DISTRIBUTION, ETC. (IMPRINT) | |
| Place of publication, distribution, etc. | Phnom Pemh |
| Name of publisher, distributor, etc. | RUA |
| Date of publication, distribution, etc. | 1989 |
| 300 ## - PHYSICAL DESCRIPTION | |
| Extent | 37p. |
| Other physical details | ill. |
| Dimensions | 29cm. |
| 942 ## - ADDED ENTRY ELEMENTS (KOHA) | |
| Source of classification or shelving scheme | |
| Koha item type | FOR |
No items available.